[Event "27th Heraklion Open 2019"]
[Site "Heraklion"]
[Date "2019.09.10"]
[Round "9.10"]
[White "Vitsaxaki, Iris"]
[Black "Atakay, Mustafa"]
[Result "0-1"]
[WhiteElo "1494"]
[BlackElo "1866"]
[Annotator "NA"]
[PlyCount "116"]
[EventDate "2019.09.03"]
[EventType "swiss"]
[EventCountry "GRE"]
[SourceTitle "playchess.com"]
[Source "ChessBase"]
[SourceQuality "1"]
[TimeControl "40/5400+30:1800+30"]

1. e4 c6 2. d4 d5 3. exd5 cxd5 4. Bd3 Nc6 5. c3 Qc7 6. Ne2 Bg4 7. O-O Nf6 8. Qe1 e6 9. f3 Bh5 10. Qh4 Rg8 11. Bg5 Bg6 12. Bxg6 hxg6 13. Bxf6 gxf6 14. Qh7 Rg7 15. Qh4 g5 16. Qh5 O-O-O 17. f4 Rg6 18. fxg5 fxg5 19. Qf3 f5 20. Ng3 Kb8 21. Nd2 g4 22. Qf2 Bd6 23. Rfe1 Rh8 24. Ndf1 Qh7 25. Ne2 Bxh2+ 26. Nxh2 Qxh2+ 27. Kf1 Qh1+ 28. Qg1 Qxg1+ 29. Nxg1 Kc7 30. Kf2 Kd6 31. Ne2 Rgh6 32. Kg3 Nd8 33. Nf4 Nf7 34. Nd3 Ng5 35. Nf2 Rh2 36. Rh1 Rxh1 37. Rxh1 Rxh1 38. Nxh1 e5 39. Kf2 Ne4+ 40. Ke2 exd4 41. cxd4 f4 42. Kd3 Kc6 43. Kc2 Kb5 44. Kb3 f3 45. gxf3 gxf3 46. a4+ Kc6 47. Kc2 f2 48. Nxf2 Nxf2 49. b4 b5 50. a5 a6 51. Kc3 Kd6 52. Kd2 Ke6 53. Ke2 Kf5 54. Ke3 Ng4+ 55. Kf3 Nh6 56. Ke3 Ng8 57. Kf3 Ne7 58. Ke3 Nc6 {Ke4+ Kxe4} 0-1

[Event "27th Heraklion Open 2019"]
[Site "Heraklion"]
[Date "2019.09.10"]
[Round "9.11"]
[White "Fragkiadakis, Emmanouel"]
[Black "Stathatos, Alexandros"]
[Result "0-1"]
[WhiteElo "1743"]
[BlackElo "1387"]
[Annotator "NA"]
[PlyCount "38"]
[EventDate "2019.09.03"]
[EventType "swiss"]
[EventCountry "GRE"]
[SourceTitle "playchess.com"]
[Source "ChessBase"]
[SourceQuality "1"]
[TimeControl "40/5400+30:1800+30"]

1. d4 Nf6 2. Bf4 d5 3. Nc3 c5 4. Nb5 Qa5+ 5. Nc3 cxd4 6. Qxd4 Nc6 7. Qd2 e5 8. Bg5 d4 9. Nb1 Bb4 10. c3 dxc3 11. bxc3 Ne4 12. cxb4 Nxb4 13. Qd8+ Qxd8 14. Bxd8 Nc2+ 15. Kd1 Nxa1 16. Bh4 Be6 17. e3 f6 18. Bb5+ Kf7 19. Kc1 Rac8+ 0-1

[Event "27th Heraklion Open 2019"]
[Site "Heraklion"]
[Date "2019.09.10"]
[Round "9.12"]
[White "Koutsaftis, Efstratios Panagioti"]
[Black "Mavridis, Athanasios"]
[Result "1-0"]
[WhiteElo "1611"]
[BlackElo "1493"]
[Annotator "NA"]
[PlyCount "107"]
[EventDate "2019.09.03"]
[EventType "swiss"]
[EventCountry "GRE"]
[SourceTitle "playchess.com"]
[Source "ChessBase"]
[SourceQuality "1"]
[TimeControl "40/5400+30:1800+30"]

1. c4 e5 2. Nc3 Nc6 3. Nf3 Bb4 4. Qc2 d6 5. Nd5 Bc5 6. e3 Nge7 7. a3 a5 8. b3 O-O 9. Bb2 Ba7 10. Be2 Bf5 11. d3 Be6 12. Nxe7+ Nxe7 13. d4 exd4 14. Nxd4 Bxd4 15. Bxd4 Nf5 16. Bb2 Qg5 17. O-O-O b5 18. g4 Ne7 19. h4 Qc5 20. cxb5 Bxb3 21. Qxc5 dxc5 22. Rd7 Nd5 23. Bd1 Bc4 24. Bf3 Rad8 25. Rxd8 Rxd8 26. Rd1 Rd7 27. Be5 Kf8 28. e4 Nb6 29. Rxd7 Nxd7 30. Bxc7 Bxb5 31. Bxa5 Ne5 32. Bd1 Nd3+ 33. Kd2 Nxf2 34. Bf3 Nd3 35. Be2 c4 36. Kc3 Ke7 37. Kd4 Ke6 38. g5 g6 39. Bb4 Ba6 40. Bg4+ f5 41. gxf6+ Kxf6 42. Bd6 Bb5 43. e5+ Kf7 44. e6+ Kf6 45. Bc7 h6 46. Bd8+ Kg7 47. h5 Be8 48. hxg6 Kxg6 49. Be2 Kf5 50. e7 Ne5 51. Bf1 Kf6 52. Bg2 Nc6+ 53. Bxc6 Bxc6 54. e8=Q+ 1-0

[Event "27th Heraklion Open 2019"]
[Site "Heraklion"]
[Date "2019.09.10"]
[Round "9.13"]
[White "Burnett, Leon P"]
[Black "Dagkonaki, Aspasia"]
[Result "1-0"]
[WhiteElo "1849"]
[BlackElo "1413"]
[Annotator "NA"]
[PlyCount "117"]
[EventDate "2019.09.03"]
[EventType "swiss"]
[EventCountry "GRE"]
[SourceTitle "playchess.com"]
[Source "ChessBase"]
[SourceQuality "1"]
[TimeControl "40/5400+30:1800+30"]

1. c4 g6 2. g3 Bg7 3. Bg2 Nf6 4. Nc3 d6 5. e4 e5 6. Nge2 Bg4 7. f3 Be6 8. b3 Nc6 9. d3 h5 10. h4 Nd7 11. Be3 f5 12. d4 exd4 13. Nxd4 Nxd4 14. Bxd4 Bxd4 15. Qxd4 Qf6 16. Qxf6 Nxf6 17. f4 O-O-O 18. O-O Rhe8 19. Rfe1 Ng4 20. Re2 Bd7 21. Rae1 Bc6 22. exf5 Rxe2 23. Rxe2 gxf5 24. Bd5 Bd7 25. Bf3 Re8 26. Bxg4 fxg4 27. Rxe8+ Bxe8 28. Kf2 c6 29. Ke3 Bg6 30. Kd4 Kc7 31. b4 a6 32. Ke3 b5 33. Kd4 bxc4 34. Kxc4 Kb7 35. a3 Kc7 36. Ne2 Kd7 37. Nd4 Bf7+ 38. Kc3 d5 39. Nb3 Kc7 40. Kd4 Kb6 41. Nc5 Kb5 42. f5 Bg8 43. Nd7 a5 44. bxa5 Kxa5 45. Kc5 Ka4 46. Ne5 Kxa3 47. Nxc6 Kb3 48. Ne7 Bf7 49. Nxd5 Kc2 50. Nf4 Kd2 51. Kd4 Ke1 52. Ke3 Kf1 53. Ng6 Kg2 54. Kf4 Kf2 55. Ne5 Be8 56. f6 Kg2 57. f7 Bxf7 58. Nxf7 Kf2 59. Ne5 1-0

[Event "27th Heraklion Open 2019"]
[Site "Heraklion"]
[Date "2019.09.10"]
[Round "9.14"]
[White "Westman, Lennart"]
[Black "Farsaris, Michail"]
[Result "0-1"]
[WhiteElo "1700"]
[BlackElo "1273"]
[Annotator "NA"]
[PlyCount "104"]
[EventDate "2019.09.03"]
[EventType "swiss"]
[EventCountry "GRE"]
[SourceTitle "playchess.com"]
[Source "ChessBase"]
[SourceQuality "1"]
[TimeControl "40/5400+30:1800+30"]

1. d4 d5 2. Nf3 Nf6 3. e3 e6 4. Bd3 Be7 5. O-O O-O 6. b3 Nbd7 7. Bb2 b6 8. Nbd2 Bb7 9. c4 c5 10. Ne5 Rc8 11. f4 Re8 12. Ndf3 cxd4 13. exd4 Ba6 14. Rc1 Nxe5 15. dxe5 Ng4 16. Qe2 dxc4 17. Bxc4 Bc5+ 18. Kh1 Bxc4 19. bxc4 Re7 20. Ng5 Ne3 21. Rf3 h6 22. Ne4 Nf5 23. Nxc5 bxc5 24. Rd3 Qa5 25. Bc3 Qb6 26. Rcd1 Rb7 27. g4 Nh4 28. Rd6 Qc7 29. Qf2 Ng6 30. f5 exf5 31. gxf5 Nf8 32. Qg3 Rb6 33. Rxb6 Qxb6 34. e6 Qb7+ 35. Kg1 fxe6 36. f6 g6 37. Qe5 Qf7 38. Ba5 Nd7 39. Qd6 Nxf6 40. Rf1 Ne4 41. Qe5 Qb7 42. Qxe6+ Kg7 43. Qe5+ Kg8 44. Re1 Ng5 45. Re3 Qb1+ 46. Kg2 Rf8 47. Re1 Qxa2+ 48. Re2 Qxa5 49. Qd5+ Kg7 50. Re7+ Nf7 51. Qe5+ Kg8 52. Qf6 Qd2+ 0-1

[Event "27th Heraklion Open 2019"]
[Site "Heraklion"]
[Date "2019.09.10"]
[Round "9.15"]
[White "Borbantonakis, Ioannis"]
[Black "Vlatas, Dimitrios"]
[Result "1-0"]
[WhiteElo "1635"]
[BlackElo "1393"]
[Annotator "NA"]
[PlyCount "105"]
[EventDate "2019.09.03"]
[EventType "swiss"]
[EventCountry "GRE"]
[SourceTitle "playchess.com"]
[Source "ChessBase"]
[SourceQuality "1"]
[TimeControl "40/5400+30:1800+30"]

1. Nf3 Nf6 2. g3 g6 3. b4 Bg7 4. Bb2 d6 5. d4 O-O 6. Bg2 Nbd7 7. c4 Re8 8. O-O e5 9. Qc2 c6 10. Na3 e4 11. Ng5 d5 12. cxd5 cxd5 13. Nb5 Rf8 14. Nc7 Rb8 15. b5 Nb6 16. Ba3 Nc4 17. Bxf8 Bxf8 18. b6 axb6 19. Nb5 Ng4 20. Nxe4 Bf5 21. h3 Nge3 22. fxe3 Nxe3 23. Qb3 Nxf1 24. Qxd5 Qxd5 25. Nf6+ Kg7 26. Nxd5 Nxg3 27. Kf2 Ne4+ 28. Bxe4 Bxe4 29. Nxb6 Bc6 30. Na7 Be4 31. Rc1 Bf5 32. h4 Be7 33. Kf3 Bxh4 34. e4 Bd8 35. Nac8 Bxc8 36. Nxc8 b5 37. e5 Ra8 38. Rc2 h5 39. Ke4 h4 40. Nd6 b4 41. Nb7 Kf8 42. Nxd8 Rxd8 43. d5 Ke7 44. Rc7+ Rd7 45. d6+ Ke6 46. Rc8 f5+ 47. Kf4 Ra7 48. Re8+ Kd5 49. Re7 Ra8 50. d7 Rd8 51. e6 Kd6 52. Re8 Kc7 53. e7 1-0

[Event "27th Heraklion Open 2019"]
[Site "Heraklion"]
[Date "2019.09.10"]
[Round "9.16"]
[White "Koumis, Filippos"]
[Black "Stratigi, Ioanna"]
[Result "1/2-1/2"]
[WhiteElo "1601"]
[BlackElo "1166"]
[Annotator "NA"]
[PlyCount "59"]
[EventDate "2019.09.03"]
[EventType "swiss"]
[EventCountry "GRE"]
[SourceTitle "playchess.com"]
[Source "ChessBase"]
[SourceQuality "1"]
[TimeControl "40/5400+30:1800+30"]

1. e4 e5 2. Nf3 Nc6 3. Bb5 Nf6 4. O-O d6 5. d4 exd4 6. Nxd4 Bd7 7. Nc3 Be7 8. Bg5 O-O 9. f4 h6 10. Bh4 Nxe4 11. Bxe7 Qxe7 12. Re1 Nxc3 13. Rxe7 Nxd1 14. Bxc6 Bxc6 15. Rxd1 Rac8 16. Rde1 a6 17. Nxc6 bxc6 18. R1e3 Rfd8 19. Ra3 Kf8 20. Re4 Ra8 21. Rea4 c5 22. Rxa6 Rxa6 23. Rxa6 Rb8 24. b3 Rb4 25. Rc6 Rd4 26. Rxc7 Rd2 27. a4 Rxc2 28. a5 Ra2 29. Rd7 Rxa5 30. Rxd6 1/2-1/2

[Event "27th Heraklion Open 2019"]
[Site "Heraklion"]
[Date "2019.09.10"]
[Round "9.17"]
[White "Ergazaki, Eirini"]
[Black "Xirouhakis, Emmanouil"]
[Result "1-0"]
[WhiteElo "1336"]
[BlackElo "1574"]
[Annotator "NA"]
[PlyCount "85"]
[EventDate "2019.09.03"]
[EventType "swiss"]
[EventCountry "GRE"]
[SourceTitle "playchess.com"]
[Source "ChessBase"]
[SourceQuality "1"]
[TimeControl "40/5400+30:1800+30"]

1. e4 c5 2. Nf3 d6 3. d4 cxd4 4. Nxd4 Nf6 5. Nc3 a6 6. f3 e5 7. Nb3 Be6 8. Be3 Nbd7 9. Qd2 Be7 10. g4 Rc8 11. O-O-O b5 12. g5 Nh5 13. Nd5 Bxd5 14. exd5 Nb6 15. Na5 Nxd5 16. Qxd5 Qxa5 17. Bh3 Rc4 18. Bg4 O-O 19. Bxh5 Qxa2 20. Bg4 Qa1+ 21. Kd2 Qxb2 22. Ke2 Rxc2+ 23. Rd2 b4 24. Bf5 Rxd2+ 25. Qxd2 Qxd2+ 26. Bxd2 d5 27. Ra1 b3 28. Ra4 a5 29. Rxa5 Bd6 30. Ra6 Bc5 31. Ra5 Bd4 32. Rxd5 g6 33. Bb1 Ra8 34. Rb5 b2 35. Be3 Bc3 36. Rb3 Ra1 37. Be4 Re1+ 38. Kf2 Rh1 39. Rxc3 b1=Q 40. Bxb1 Rxb1 41. Rc5 Rb2+ 42. Kg3 Re2 43. Rxe5 1-0

[Event "27th Heraklion Open 2019"]
[Site "Heraklion"]
[Date "2019.09.10"]
[Round "9.18"]
[White "Kharlamov, Vladimir P."]
[Black "Petratos, Georgios"]
[Result "1-0"]
[WhiteElo "2418"]
[BlackElo "1567"]
[Annotator "TA"]
[PlyCount "111"]
[EventDate "2019.09.03"]
[EventType "swiss"]
[EventCountry "GRE"]
[SourceTitle "playchess.com"]
[Source "ChessBase"]
[SourceQuality "1"]

{[%evp 9,111,26,22,22,25,-19,-16,-19,-14,-21,-25,-15,-10,-37,-49,-58,0,0,0,0,16,-38,-29,-61,-22,-72,-78,-156,-144,-173,-139,-138,-115,-115,-91,-120,-110,-194,-103,-112,-83,-112,-102,-116,-64,-35,161,158,172,153,159,178,212,198,184,172,181,178,176,172,176,31,37,28,36,50,184,0,0,0,154,141,189,203,225,205,220,222,225,161,148,33,262,33,346,351,479,424,922,917,885,908,900,896,887,841,1112,1112,1041,994,1007,1004,1497,1479]} 1. c4 f5 2. Nc3 Nf6 3. Nf3 e6 4. g3 Bb4 (4... Be7 5. Bg2 O-O 6. O-O d6 7. d4 Qe8 8. Re1 Ne4 9. Qc2 Qg6 10. Be3 Nxc3 11. Qxc3 Nc6 12. Rad1 Bf6 13. Qc1 e5 14. dxe5 dxe5 15. Bc5 Re8 16. b4 b6 17. Be3 f4 18. Bd2 Bf5 {0-1 (55) Yilmaz,M (2636)-Amin,B (2710) St Petersburg 2018}) 5. Bg2 O-O 6. O-O {A10: English Opening: Unusual Replies for Black} Nc6 7. a3 Bxc3 $1 8. bxc3 {The position is equal.} d6 9. Nd4 $146 ({Predecessor:} 9. d4 Qe8 10. d5 exd5 11. cxd5 Ne5 12. Nd4 {1-0 (45) Afkham Ebrahimi,P (1913)-Nelson,C (1588) San Francisco 2009}) 9... Bd7 10. d3 e5 11. Nc2 Qe8 12. Nb4 Qg6 ({Black should play} 12... Na5 $15) 13. f4 $11 Rae8 14. Nd5 Nxd5 15. Bxd5+ (15. cxd5 $11 Na5 16. Rb1) 15... Kh8 $15 16. Bg2 Rf6 17. Ra2 e4 18. d4 (18. c5 $142) 18... Na5 $17 19. d5 Nxc4 20. Qd4 Nb6 21. c4 Qh5 22. e3 Rh6 23. Kf2 (23. h3 $17 {was called for.}) 23... Qg6 (23... Qxh2 24. Rh1 $11) (23... Ba4 $19 {Strongly threatening ...Bb3.} 24. Qc3 c6) 24. Kg1 Qf6 25. Rd1 Ba4 26. Rdd2 Bb3 (26... Qxd4 $17 27. Rxd4 Nd7) 27. Rab2 $15 Bxc4 $2 {[#]} (27... Qxd4 $15 {stays ahead.} 28. Rxd4 Ba4) 28. Rxb6 $1 $18 {[%mdl 512]} Qxd4 (28... axb6 29. Qxc4) 29. Rxd4 axb6 30. Rxc4 Rc8 31. Bb2 {[%mdl 1024] White has strong compensation.} Kg8 32. Bd4 c5 33. dxc6 {[%mdl 64] Discovered Attack} bxc6 34. Bxb6 d5 35. Rc5 (35. Rc2 $18) 35... Rb8 $14 36. Ba5 Rb1+ 37. Bf1 Kf7 (37... Ra1 $14) 38. Kg2 $2 (38. Bc3 $1 $18) 38... Rb2+ $11 39. Kg1 Ke7 $2 {[#]} (39... Rbxh2 40. Bg2 $14) (39... Rb1 $1 $11) 40. Bc3 $1 $16 {[%cal Rc3b2]} Rbxh2 {[#]} 41. Bg2 $1 R2h5 42. a4 ({Resist} 42. Bxg7 $6 Rg6 $16) 42... Kd6 43. Bd4 g5 44. a5 gxf4 {And now ...f3 would win.} 45. gxf4 ({Don't play} 45. exf4 $6 Kc7 $14) (45. a6 $16 {Black must now prevent a7.} Rg6 46. a7 (46. gxf4 Kc7 $11)) 45... Rg6 $2 ({Black should try} 45... Kc7 $1 $14) 46. a6 $2 (46. Rc2 $18) 46... Rg8 $2 {[%mdl 8192]} (46... Kc7 $1 $14) 47. Rc2 $18 Rh6 {intending ...Kc7.} 48. a7 {Threatens to win with Be5+.White is clearly winning.} Ra8 (48... Kd7 $142 49. Rb2 Ke6) 49. Rb2 Kc7 {[#]} 50. Rb8 $1 {[%mdl 512]} Rxa7 (50... Rxb8 51. Be5+) 51. Bxa7 c5 52. Rb1 c4 53. Bd4 Rc6 54. Rc1 Rg6 55. Kf2 Rh6 56. Rh1 {Accuracy: White = 46%, Black = 35%.} 1-0

[Event "27th Heraklion Open 2019"]
[Site "Heraklion"]
[Date "2019.09.10"]
[Round "9.19"]
[White "Kealar, Konstantinos"]
[Black "Kazakos, Nikolaos"]
[Result "0-1"]
[WhiteElo "1270"]
[BlackElo "1514"]
[Annotator "NA"]
[PlyCount "84"]
[EventDate "2019.09.03"]
[EventType "swiss"]
[EventCountry "GRE"]
[SourceTitle "playchess.com"]
[Source "ChessBase"]
[SourceQuality "1"]
[TimeControl "40/5400+30:1800+30"]

1. d4 e6 2. Bf4 Nf6 3. Nf3 d5 4. e3 c5 5. c3 Qb6 6. Qc2 Nc6 7. Be2 Bd7 8. Ne5 Rc8 9. O-O cxd4 10. Nxc6 Rxc6 11. exd4 Qxd4 12. Be3 Qe5 13. Bxa7 b6 14. Bb5 Rc8 15. Bxd7+ Nxd7 16. Qb3 Qc7 17. Qa4 Bd6 18. Na3 Bxa3 19. bxa3 O-O 20. Bxb6 Nxb6 21. Qd4 Nc4 22. a4 Qa5 23. h4 e5 24. Qg4 Qxa4 25. Rad1 Qc6 26. h5 Qe6 27. Qg3 Ra8 28. h6 g6 29. Qg5 f6 30. Qg3 Rxa2 31. f4 exf4 32. Rxf4 Qe3+ 33. Qxe3 Nxe3 34. Rd3 Rxg2+ 35. Kh1 Re2 36. Kg1 Rb8 37. Rxe3 Rb1+ 38. Rf1 Rxf1+ 39. Kxf1 Rxe3 40. Kf2 Rxc3 41. Ke2 g5 42. Kd2 d4 {Kd3} 0-1